000 00710nam a2200229 a 4500
001 000040245
005 20201002034016.0
008 130820s1979 sp 000 0 spa d
020 _a8430011021
040 _aDO-SdBNP
_bspa
_cBNPHU
082 _axxx
_bxxx
245 0 0 _aVida y obra de Marx y Engels. /
_cEnrique Tierno Galván, [et.al.].
260 _aMadrid, España :
_bPablo Iglesias,
_c1979.
300 _a101 p. ;
_c22 cm.
700 1 _aTierno Galván, Enrique
_931524
700 1 _aElsner, Helmut
_966513
700 1 _aSotelo, Ignacio
_966514
700 1 _aL. Aranguren, José Luis
_94684
700 1 _aParís, Carlos
_966515
700 1 _aDíaz, Elías
_919288
700 1 _aClaudín, Fernando
_952102
999 _c39735
_d39735